[Event "Itau Mercosul Cup 1st"]
[Site "Sao Paulo"]
[Date "1997.10.24"]
[Round "6"]
[White "Rodriguez Vila, Andres"]
[Black "Borges, Leomar Barbero"]
[Result "1-0"]
[WhiteElo "2495"]
[BlackElo "2255"]
[PlyCount "73"]
[EventDate "1997.10.19"]
[EventType "swiss"]
[EventRounds "9"]
[EventCountry "BRA"]
[SourceTitle "CBM 060 Extra"]
[Source "ChessBase"]
[SourceDate "1997.11.04"]
[SourceVersion "1"]
[SourceVersionDate "1997.11.04"]
[SourceQuality "1"]

1. e4 Nf6 2. e5 Nd5 3. d4 d6 4. c4 Nb6 5. exd6 cxd6 6. Nc3 g6 7. Be3 Bg7 8. Rc1
O-O 9. b3 f5 10. d5 e5 11. dxe6 Bxe6 12. Nf3 Nc6 13. Qd2 Ne5 14. Be2 Qd7 15.
O-O Rad8 16. Nb5 Nc8 17. Bg5 Rde8 18. Bf4 Nf7 19. Rfd1 Rd8 20. Nfd4 a6 21. Nc3
h6 22. Bf3 g5 23. Nxe6 Qxe6 24. Be3 Rd7 25. Na4 Rfd8 26. Qa5 f4 27. Bb6 Rf8 28.
h3 Re7 29. Re1 Qf6 30. Bc7 Ne5 31. Bxb7 g4 32. Bd8 f3 33. g3 gxh3 34. Bxc8 h2+
35. Kh1 Qg5 36. Qd5+ Kh8 37. Qxd6 1-0

[Event "Itau Mercosul Cup 1st"]
[Site "Sao Paulo"]
[Date "1997.10.25"]
[Round "8"]
[White "Rodriguez Vila, Andres"]
[Black "Urday Caceres, Henry"]
[Result "0-1"]
[WhiteElo "2495"]
[BlackElo "2445"]
[PlyCount "114"]
[EventDate "1997.10.19"]
[EventType "swiss"]
[EventRounds "9"]
[EventCountry "BRA"]
[SourceTitle "CBM 060 Extra"]
[Source "ChessBase"]
[SourceDate "1997.11.04"]
[SourceVersion "1"]
[SourceVersionDate "1997.11.04"]
[SourceQuality "1"]

1. e4 c5 2. Nf3 e6 3. d4 cxd4 4. Nxd4 a6 5. Nc3 Qc7 6. g3 Bb4 7. Nde2 Be7 8.
Bg2 Nf6 9. O-O Nc6 10. a4 d6 11. h3 Rb8 12. g4 b5 13. g5 Nd7 14. axb5 axb5 15.
Ng3 O-O 16. f4 Re8 17. Kh1 Bf8 18. Be3 b4 19. Nce2 Bb7 20. Qe1 Nc5 21. Nh5 Ne7
22. Neg3 Ng6 23. Kh2 d5 24. e5 Nd7 25. Rf2 Bc5 26. Rd1 Qb6 27. Bxc5 Qxc5 28.
Qd2 Rec8 29. Qd4 Ba6 30. Qxc5 Nxc5 31. b3 Bb5 32. Rd4 Na6 33. Bf3 Rc3 34. Bd1
Rbc8 35. Rfd2 Ne7 36. f5 Nc6 37. Rh4 Nxe5 38. Kg2 Nc6 39. Be2 Bxe2 40. Nxe2 Re3
41. Nhf4 Nc5 42. f6 g6 43. Rg4 Ra8 44. Nc1 Ne5 45. Nxd5 exd5 46. Rxb4 Ne6 47.
Rxd5 Nxg5 48. Kf2 Rf3+ 49. Kg2 Rf5 50. Rbb5 Re8 51. Nd3 Nxd3 52. cxd3 Re2+ 53.
Kg3 Rf3+ 54. Kh4 h6 55. Rb8+ Kh7 56. Rdd8 Rxh3+ 57. Kg4 Rg2+ 0-1

[Event "Itau Mercosul Cup 1st"]
[Site "Sao Paulo"]
[Date "1997.10.26"]
[Round "9"]
[White "Ramon Pita, Vivian"]
[Black "Rodriguez Vila, Andres"]
[Result "1/2-1/2"]
[WhiteElo "2365"]
[BlackElo "2495"]
[PlyCount "79"]
[EventDate "1997.10.19"]
[EventType "swiss"]
[EventRounds "9"]
[EventCountry "BRA"]
[SourceTitle "CBM 060 Extra"]
[Source "ChessBase"]
[SourceDate "1997.11.04"]
[SourceVersion "1"]
[SourceVersionDate "1997.11.04"]
[SourceQuality "1"]

1. d4 f5 2. c4 Nf6 3. g3 g6 4. b3 Bg7 5. Bb2 d6 6. d5 O-O 7. Bg2 e5 8. dxe6 c6
9. Nh3 Na6 10. O-O Bxe6 11. Nd2 Qe7 12. Re1 d5 13. Nf4 dxc4 14. Nxe6 Qxe6 15.
Nxc4 Rad8 16. Qc1 Rfe8 17. Bc3 Qe7 18. Qb2 Nc7 19. Qc2 Ncd5 20. Bb2 Nb4 21. Qc1
Qc5 22. a3 Nbd5 23. b4 Qe7 24. Qc2 Ne4 25. Bxe4 Qxe4 26. Qxe4 Rxe4 27. Bxg7
Rxc4 28. Bh6 Nc3 29. Kf1 b5 30. Rec1 Kf7 31. a4 Rd7 32. axb5 cxb5 33. Be3 Nd5
34. Bc5 Rc7 35. Rcb1 Nc3 36. Rc1 Nd5 37. Rcb1 Re4 38. Rb3 Rc4 39. f3 Rb7 40.
Kf2 1/2-1/2

[Event "Magistral Int"]
[Site "Buenos Aires"]
[Date "1998.??.??"]
[Round "?"]
[White "Fiorito, Fabian"]
[Black "Rodriguez Vila, Andres"]
[Result "0-1"]
[WhiteElo "2455"]
[BlackElo "2475"]
[PlyCount "104"]
[EventDate "1998.??.??"]
[EventType "tourn"]
[EventRounds "9"]
[EventCountry "ARG"]
[EventCategory "9"]
[SourceTitle "EXT 1999"]
[Source "ChessBase"]
[SourceDate "1998.11.16"]
[SourceVersion "1"]
[SourceVersionDate "1998.11.16"]
[SourceQuality "1"]

1. d4 f5 2. Nc3 d5 3. Bg5 g6 4. f3 Bg7 5. Qd2 Nc6 6. e4 Nxd4 7. exd5 c6 8. Be3
e5 9. f4 cxd5 10. fxe5 Nc6 11. Nxd5 Be6 12. O-O-O Bxd5 13. Qxd5 Qxd5 14. Rxd5
Nge7 15. Rd1 Nxe5 16. Nf3 Nxf3 17. gxf3 a6 18. Bc4 Rd8 19. Rxd8+ Kxd8 20. Rd1+
Ke8 21. Be6 Rf8 22. Bb6 Nc6 23. Re1 Be5 24. Bc5 Rf6 25. Bc8 Rf7 26. f4 Rc7 27.
Bxb7 Rxb7 28. fxe5 Rb5 29. Bd6 Kd7 30. c4 Rb7 31. Kc2 Ke6 32. Kc3 a5 33. b3 g5
34. a3 Ra7 35. c5 Rb7 36. Rb1 f4 37. b4 axb4+ 38. axb4 g4 39. b5 f3 40. b6 h5
41. Kc4 Rf7 42. Kb5 Nd4+ 43. Ka6 f2 44. b7 f1=Q+ 45. Rxf1 Rxf1 46. b8=Q Ra1+
47. Kb7 Rb1+ 48. Kc8 Rxb8+ 49. Kxb8 h4 50. Kb7 g3 51. hxg3 h3 52. c6 h2 0-1

[Event "Magistral Int"]
[Site "Buenos Aires"]
[Date "1998.??.??"]
[Round "?"]
[White "Garcia Palermo, Carlos H"]
[Black "Rodriguez Vila, Andres"]
[Result "1/2-1/2"]
[WhiteElo "2475"]
[BlackElo "2475"]
[PlyCount "137"]
[EventDate "1998.??.??"]
[EventType "tourn"]
[EventRounds "9"]
[EventCountry "ARG"]
[EventCategory "9"]
[SourceTitle "EXT 1999"]
[Source "ChessBase"]
[SourceDate "1998.11.16"]
[SourceVersion "1"]
[SourceVersionDate "1998.11.16"]
[SourceQuality "1"]

1. d4 e6 2. c4 Nf6 3. Nf3 c5 4. d5 b5 5. Bg5 h6 6. Bxf6 Qxf6 7. Nc3 b4 8. Na4
Na6 9. g3 e5 10. Bh3 g6 11. e4 h5 12. O-O Be7 13. Ne1 h4 14. Ng2 Qg7 15. d6 Bd8
16. gxh4 Bxh4 17. Qg4 Qh6 18. f4 Bf6 19. Rf3 Qh5 20. Qxh5 Rxh5 21. f5 g5 22.
Ne3 Kf8 23. Nd5 Kg7 24. Bg4 Rh4 25. h3 Bb7 26. a3 Rc8 27. Rd3 Rh6 28. Rd2 Bd8
29. f6+ Bxf6 30. Ne7 Bxe7 31. dxe7 Re8 32. Rxd7 Bxe4 33. Rxa7 f5 34. Re1 bxa3
35. bxa3 Bd3 36. Nb2 Be4 37. Bd1 Re6 38. Ba4 R8xe7 39. Rxe7+ Rxe7 40. Bb5 Ra7
41. Na4 Kf6 42. Bxa6 Rxa6 43. Nxc5 Rxa3 44. Nxe4+ fxe4 45. Rxe4 Rxh3 46. Re2
Rc3 47. Rf2+ Ke6 48. Rg2 Rc1+ 49. Kh2 Kf5 50. Rf2+ Ke4 51. Rg2 Kf4 52. Rf2+ Ke3
53. Rf5 e4 54. Rxg5 Kf4 55. Rg1 Rxc4 56. Rf1+ Ke3 57. Kg3 Rc8 58. Re1+ Kd3 59.
Rd1+ Ke2 60. Ra1 e3 61. Ra2+ Kd3 62. Ra3+ Kd2 63. Ra2+ Rc2 64. Ra1 Ke2 65. Kg2
Kd3+ 66. Kf3 Kd2 67. Kg2 Ke2 68. Kg3 Rd2 69. Kg2 1/2-1/2

[Event "Magistral Int"]
[Site "Buenos Aires"]
[Date "1998.??.??"]
[Round "?"]
[White "Pierrot, Juan Facundo"]
[Black "Rodriguez Vila, Andres"]
[Result "1/2-1/2"]
[WhiteElo "2420"]
[BlackElo "2475"]
[PlyCount "133"]
[EventDate "1998.??.??"]
[EventType "tourn"]
[EventRounds "9"]
[EventCountry "ARG"]
[EventCategory "9"]
[SourceTitle "EXT 1999"]
[Source "ChessBase"]
[SourceDate "1998.11.16"]
[SourceVersion "1"]
[SourceVersionDate "1998.11.16"]
[SourceQuality "1"]

1. e4 e6 2. d4 d5 3. Nd2 Nf6 4. e5 Nfd7 5. Bd3 b6 6. c3 Ba6 7. Bxa6 Nxa6 8. Nh3
c5 9. O-O b5 10. Qg4 Qb6 11. Nf3 h6 12. dxc5 Naxc5 13. Be3 Qc7 14. Bxc5 Qxc5
15. Nf4 Qb6 16. Rfe1 Bc5 17. Re2 g6 18. h4 h5 19. Qg3 Be7 20. Ng5 Bxg5 21. Qxg5
Nc5 22. Rd1 Rd8 23. Qf6 Rg8 24. Nd3 Ne4 25. Qf4 Rc8 26. Qe3 Qxe3 27. Rxe3 Rc4
28. Ne1 a5 29. a3 Nc5 30. g3 Ke7 31. Nc2 Nb3 32. Kf1 g5 33. hxg5 Rxg5 34. Ke2
Rgg4 35. Kf1 h4 36. gxh4 Rxh4 37. Ke2 Rcf4 38. Rg1 Rh5 39. Rd1 Rhf5 40. f3 Rh5
41. Rf1 Kd7 42. Rf2 Rh1 43. Ne1 Rfh4 44. f4 Nc5 45. Nd3 Ne4 46. Rg2 Ra1 47. Rf3
Nxc3+ 48. Ke3 Na4 49. Rc2 Rb1 50. Kd4 Rh8 51. Rg3 Rc8 52. Rxc8 Kxc8 53. Rg8+
Kc7 54. Rf8 Nxb2 55. Rxf7+ Kc6 56. Nxb2 Rxb2 57. Re7 Rd2+ 58. Ke3 Ra2 59. Rxe6+
Kc5 60. f5 d4+ 61. Ke4 Re2+ 62. Kf3 d3 63. Re8 Re1 64. Rd8 Rxe5 65. Kf4 Rd5 66.
Rxd5+ Kxd5 67. Ke3 1/2-1/2

[Event "Magistral Int"]
[Site "Buenos Aires"]
[Date "1998.??.??"]
[Round "?"]
[White "Rodriguez Vila, Andres"]
[Black "Spangenberg, Hugo"]
[Result "0-1"]
[WhiteElo "2475"]
[BlackElo "2530"]
[PlyCount "76"]
[EventDate "1998.??.??"]
[EventType "tourn"]
[EventRounds "9"]
[EventCountry "ARG"]
[EventCategory "9"]
[SourceTitle "EXT 1999"]
[Source "ChessBase"]
[SourceDate "1998.11.16"]
[SourceVersion "1"]
[SourceVersionDate "1998.11.16"]
[SourceQuality "1"]

1. e4 e5 2. Nf3 Nf6 3. d4 Nxe4 4. Bd3 d5 5. Nxe5 Nd7 6. Nxd7 Bxd7 7. O-O Be7 8.
c4 Nf6 9. Qb3 Bc6 10. Nc3 O-O 11. Re1 h6 12. Bf4 dxc4 13. Bxc4 Qxd4 14. Bxc7
Bc5 15. Bg3 Qg4 16. Rad1 h5 17. Be2 Qb4 18. Qc2 Rad8 19. a3 Qb6 20. Rxd8 Rxd8
21. Bc4 Rd4 22. Ba2 h4 23. Be5 Rg4 24. g3 hxg3 25. Bxg3 Qc7 26. Qd3 Qc8 27. Re5
Rd4 28. Qf5 Qd8 29. Re1 Bb6 30. Qg6 Qd7 31. Bb3 Rg4 32. Qc2 Rxg3+ 33. hxg3 Qh3
34. Bxf7+ Kxf7 35. Qb3+ Kg6 36. Qc2+ Kh6 37. Qd2+ g5 38. Ne4 Bxe4 0-1

[Event "Magistral Int"]
[Site "Buenos Aires"]
[Date "1998.??.??"]
[Round "?"]
[White "Rodriguez Vila, Andres"]
[Black "Vescovi, Giovanni P"]
[Result "0-1"]
[WhiteElo "2475"]
[BlackElo "2480"]
[PlyCount "88"]
[EventDate "1998.??.??"]
[EventType "tourn"]
[EventRounds "9"]
[EventCountry "ARG"]
[EventCategory "9"]
[SourceTitle "EXT 1999"]
[Source "ChessBase"]
[SourceDate "1998.11.16"]
[SourceVersion "1"]
[SourceVersionDate "1998.11.16"]
[SourceQuality "1"]

1. e4 c5 2. Nf3 e6 3. d3 Nc6 4. g3 d5 5. Qe2 Nge7 6. Bg2 g6 7. h4 h6 8. c3 Bg7
9. O-O b6 10. Re1 dxe4 11. dxe4 e5 12. Na3 O-O 13. Nb5 Be6 14. Nh2 a6 15. Na3
f5 16. exf5 gxf5 17. f4 e4 18. Be3 Nd5 19. Nf1 Qe7 20. Nc2 b5 21. Qf2 Nxe3 22.
Ncxe3 b4 23. Rac1 bxc3 24. bxc3 Rad8 25. g4 fxg4 26. Bxe4 Ne5 27. Qg3 Nf3+ 28.
Bxf3 gxf3 29. f5 Kh8 30. Qxf3 Qxh4 31. Ng3 Rd3 32. Qg2 Bd5 33. Qh2 Qg5 34. Nxd5
Rxg3+ 35. Kh1 Qg4 36. Re3 Rxe3 37. Nxe3 Qf3+ 38. Ng2 Rxf5 39. Qb8+ Kh7 40. Qb1
Kh8 41. Qb8+ Kh7 42. Qb1 Be5 43. Kg1 Qf2+ 44. Kh1 Kh8 0-1

[Event "Magistral Int"]
[Site "Buenos Aires"]
[Date "1998.??.??"]
[Round "?"]
[White "Rodriguez Vila, Andres"]
[Black "Zarnicki, Pablo Adrian"]
[Result "1/2-1/2"]
[WhiteElo "2475"]
[BlackElo "2515"]
[PlyCount "33"]
[EventDate "1998.??.??"]
[EventType "tourn"]
[EventRounds "9"]
[EventCountry "ARG"]
[EventCategory "9"]
[SourceTitle "EXT 1999"]
[Source "ChessBase"]
[SourceDate "1998.11.16"]
[SourceVersion "1"]
[SourceVersionDate "1998.11.16"]
[SourceQuality "1"]

1. e4 e5 2. Nf3 Nf6 3. Nxe5 d6 4. Nf3 Nxe4 5. Qe2 Qe7 6. d3 Nf6 7. Bg5 Nbd7 8.
Nc3 Qxe2+ 9. Bxe2 Be7 10. O-O-O Nb6 11. Rhe1 Be6 12. Kb1 Kd7 13. Ne4 Nxe4 14.
dxe4 Bxg5 15. Nxg5 h6 16. Nxe6 fxe6 17. f3 1/2-1/2

[Event "Magistral Int"]
[Site "Buenos Aires"]
[Date "1998.??.??"]
[Round "?"]
[White "Rojas Keim, Luis Alberto"]
[Black "Rodriguez Vila, Andres"]
[Result "0-1"]
[WhiteElo "2455"]
[BlackElo "2475"]
[PlyCount "40"]
[EventDate "1998.??.??"]
[EventType "tourn"]
[EventRounds "9"]
[EventCountry "ARG"]
[EventCategory "9"]
[SourceTitle "EXT 1999"]
[Source "ChessBase"]
[SourceDate "1998.11.16"]
[SourceVersion "1"]
[SourceVersionDate "1998.11.16"]
[SourceQuality "1"]

1. e4 d5 2. exd5 Nf6 3. Nf3 Bg4 4. Be2 Qxd5 5. c4 Qd6 6. d4 Nc6 7. O-O e6 8.
Nc3 O-O-O 9. c5 Qd7 10. Be3 Be7 11. Bb5 Kb8 12. Ba4 Bxf3 13. Qxf3 Nxd4 14. Qh3
Qc8 15. b4 e5 16. Qg3 Ne4 17. Qxe5 Nxc3 18. Qxe7 Nxa4 19. Qxf7 Qd7 20. Qh5 Nc3
0-1

[Event "Magistral Int"]
[Site "Buenos Aires"]
[Date "1998.??.??"]
[Round "?"]
[White "Soppe, Guillermo"]
[Black "Rodriguez Vila, Andres"]
[Result "0-1"]
[WhiteElo "2455"]
[BlackElo "2475"]
[PlyCount "104"]
[EventDate "1998.??.??"]
[EventType "tourn"]
[EventRounds "9"]
[EventCountry "ARG"]
[EventCategory "9"]
[SourceTitle "EXT 1999"]
[Source "ChessBase"]
[SourceDate "1998.11.16"]
[SourceVersion "1"]
[SourceVersionDate "1998.11.16"]
[SourceQuality "1"]

1. d4 e6 2. Nf3 c5 3. e3 Nf6 4. Bd3 b6 5. O-O Bb7 6. b3 Nc6 7. a3 Qc7 8. Bb2
Bd6 9. Nbd2 O-O-O 10. b4 cxd4 11. exd4 Ng4 12. h3 Bh2+ 13. Kh1 h5 14. c4 Bf4
15. d5 Nce5 16. Nxe5 Bxe5 17. Bxe5 Nxe5 18. Be2 Kb8 19. Rc1 Rc8 20. Nb3 g5 21.
Nd4 Ng4 22. g3 f5 23. Kg1 Ne3 24. Qa4 Qe5 25. Nf3 Qb2 26. Rfe1 Nxd5 27. Qc2
Qxa3 28. Ne5 Rh7 29. Qd2 Qxb4 30. Qxg5 Nc3 31. Bf1 Ne4 32. Qf4 Rc7 33. Red1 d6
34. Nd3 Qa4 35. Qe3 h4 36. Nf4 Qd7 37. Bg2 hxg3 38. fxg3 Re7 39. h4 Qc6 40. Rc2
Qc5 41. Qxc5 bxc5 42. Rb2 Rcd7 43. Rdb1 Kc8 44. Ra1 Nxg3 45. Rxa7 Bxg2 46. Rxd7
Kxd7 47. Kxg2 Ne4 48. Ng6 Re8 49. Kf3 e5 50. h5 Ke6 51. Rg2 Ra8 52. h6 Kf6 0-1

[Event "Villa Ballester op 48th"]
[Site "Villa Ballester"]
[Date "1998.??.??"]
[Round "3"]
[White "Rodriguez Vila, Andres"]
[Black "Fulgenzi, Ernesto"]
[Result "1-0"]
[WhiteElo "2475"]
[BlackElo "2295"]
[PlyCount "89"]
[EventDate "1998.??.??"]
[EventType "swiss"]
[EventRounds "9"]
[EventCountry "ARG"]
[SourceTitle "EXT 2001"]
[Source "ChessBase"]
[SourceDate "2000.11.22"]
[SourceVersion "1"]
[SourceVersionDate "2000.11.22"]
[SourceQuality "1"]

1. e4 g6 2. d4 Bg7 3. Nc3 d6 4. h4 Nc6 5. Be3 e5 6. d5 Nd4 7. Nge2 Nxe2 8. Bxe2
f5 9. exf5 gxf5 10. Bb5+ Kf8 11. f3 Ne7 12. Qd2 c5 13. Be2 a6 14. a4 b6 15. g4
Ng6 16. h5 Nf4 17. Bxf4 exf4 18. Qxf4 Qe7 19. gxf5 Be5 20. Qh6+ Qg7 21. Qxg7+
Kxg7 22. h6+ Kf7 23. Bd3 c4 24. Bxc4 Bxf5 25. O-O-O Rhc8 26. Bd3 Bxd3 27. Rxd3
Rc4 28. Ne4 Rxa4 29. Kb1 Rg8 30. Rdd1 Rg6 31. Rde1 Bf4 32. Rh5 Bxh6 33. Reh1
Bg7 34. Rxh7 Rd4 35. R7h5 Be5 36. c3 Ra4 37. Re1 Kg8 38. Rf5 Rc4 39. f4 Bg7 40.
Ng5 Rc8 41. Re6 Rh6 42. Rxh6 Bxh6 43. Ne6 Rc4 44. Rh5 Kh7 45. f5 1-0

[Event "Villa Ballester op 48th"]
[Site "Villa Ballester"]
[Date "1998.??.??"]
[Round "4"]
[White "Abramson, Horacio"]
[Black "Rodriguez Vila, Andres"]
[Result "0-1"]
[WhiteElo "2215"]
[BlackElo "2475"]
[PlyCount "54"]
[EventDate "1998.??.??"]
[EventType "swiss"]
[EventRounds "9"]
[EventCountry "ARG"]
[SourceTitle "EXT 2001"]
[Source "ChessBase"]
[SourceDate "2000.11.22"]
[SourceVersion "1"]
[SourceVersionDate "2000.11.22"]
[SourceQuality "1"]

1. e4 c5 2. Nf3 d6 3. d3 Nc6 4. g3 g6 5. Bg2 Bg7 6. O-O e5 7. c3 Nge7 8. Be3
O-O 9. h3 f5 10. Qb3+ Kh8 11. Ng5 f4 12. Bd2 Qe8 13. Ne6 f3 14. Bh1 Na5 15.
Nxg7 Kxg7 16. Qa3 Nac6 17. h4 h6 18. Be3 g5 19. Nd2 Qh5 20. Rfd1 gxh4 21. Nf1
Bh3 22. Nh2 hxg3 23. fxg3 f2+ 24. Bxf2 Rxf2 25. Kxf2 Rf8+ 26. Ke1 Qg5 27. Rd2
Qxg3+ 0-1

[Event "Villa Ballester op 48th"]
[Site "Villa Ballester"]
[Date "1998.??.??"]
[Round "5"]
[White "Rodriguez Vila, Andres"]
[Black "Anelli, Antonio"]
[Result "1-0"]
[WhiteElo "2475"]
[BlackElo "2320"]
[PlyCount "83"]
[EventDate "1998.??.??"]
[EventType "swiss"]
[EventRounds "9"]
[EventCountry "ARG"]
[SourceTitle "EXT 2001"]
[Source "ChessBase"]
[SourceDate "2000.11.22"]
[SourceVersion "1"]
[SourceVersionDate "2000.11.22"]
[SourceQuality "1"]

1. e4 c5 2. Nf3 Nc6 3. d4 cxd4 4. Nxd4 g6 5. c4 Bg7 6. Be3 Nf6 7. Nc3 O-O 8.
Be2 d6 9. O-O Bd7 10. Nc2 Rc8 11. f3 Ne5 12. Na3 a6 13. Qd2 Bc6 14. b4 a5 15.
b5 Be8 16. Na4 Ned7 17. Rad1 Qc7 18. b6 Qb8 19. Qxa5 Ne5 20. Qb4 Bxa4 21. Qxa4
Nfd7 22. Nb5 Nc5 23. Qa5 Ned7 24. Na7 Rce8 25. Qb4 Qd8 26. Rb1 Ne6 27. Rfd1
Ndc5 28. a4 Na6 29. Qd2 Qd7 30. c5 Nexc5 31. Bb5 Qe6 32. Bxe8 Rxe8 33. a5 Qc4
34. Nb5 Nb3 35. Qd5 Qxd5 36. Rxd5 Nac5 37. Nc7 Rd8 38. a6 bxa6 39. Bxc5 Nxc5
40. b7 Nd7 41. Nxa6 Nb8 42. Nxb8 1-0

[Event "Villa Ballester op 48th"]
[Site "Villa Ballester"]
[Date "1998.??.??"]
[Round "8"]
[White "Bulcourf, Carlos"]
[Black "Rodriguez Vila, Andres"]
[Result "0-1"]
[WhiteElo "2285"]
[BlackElo "2475"]
[PlyCount "86"]
[EventDate "1998.??.??"]
[EventType "swiss"]
[EventRounds "9"]
[EventCountry "ARG"]
[SourceTitle "EXT 2001"]
[Source "ChessBase"]
[SourceDate "2000.11.22"]
[SourceVersion "1"]
[SourceVersionDate "2000.11.22"]
[SourceQuality "1"]

1. b4 e5 2. Bb2 f6 3. a3 d5 4. e3 Be6 5. c4 dxc4 6. Qc2 Nd7 7. Bxc4 Bxc4 8.
Qxc4 Nb6 9. Qc2 Qd7 10. Nf3 O-O-O 11. O-O Qd3 12. Rc1 Qxc2 13. Rxc2 Ne7 14. Nc3
Nc6 15. Rac1 Bxb4 16. Nb5 Bd6 17. d4 e4 18. Nd2 Rhe8 19. Nb3 Kb8 20. Bc3 Nd5
21. Bd2 Bf8 22. Nc5 a6 23. Nc3 Bxc5 24. Nxd5 Bxa3 25. Ra1 Rxd5 26. Rxa3 Rb5 27.
f3 f5 28. Kf2 exf3 29. Kxf3 Re4 30. g3 Rxd4 31. Rxc6 Rxd2 32. Re6 g5 33. g4
fxg4+ 34. Kxg4 Rxh2 35. e4 h5+ 36. Kg3 Rbb2 37. Ra5 Rhg2+ 38. Kf3 h4 39. Re8+
Ka7 40. e5 h3 41. Rh8 h2 42. e6 Rbf2+ 43. Ke4 Re2+ 0-1

[Event "Villa Ballester op 48th"]
[Site "Villa Ballester"]
[Date "1998.??.??"]
[Round "9"]
[White "Rodriguez Vila, Andres"]
[Black "Slipak, Sergio"]
[Result "1/2-1/2"]
[WhiteElo "2475"]
[BlackElo "2510"]
[PlyCount "69"]
[EventDate "1998.??.??"]
[EventType "swiss"]
[EventRounds "9"]
[EventCountry "ARG"]
[SourceTitle "EXT 2001"]
[Source "ChessBase"]
[SourceDate "2000.11.22"]
[SourceVersion "1"]
[SourceVersionDate "2000.11.22"]
[SourceQuality "1"]

1. e4 e5 2. Nf3 Nc6 3. Bc4 Nf6 4. d3 Be7 5. O-O O-O 6. Re1 d6 7. a4 Na5 8. Ba2
c5 9. c3 Nc6 10. Nbd2 Be6 11. Nc4 Qd7 12. h3 h6 13. d4 cxd4 14. cxd4 exd4 15.
e5 Nd5 16. Nxd4 Nxd4 17. Qxd4 Nb4 18. Bb1 dxe5 19. Qxd7 Bxd7 20. Nxe5 Be6 21.
Ng6 Rfe8 22. Nxe7+ Rxe7 23. Bd2 Nc6 24. Be4 Rd8 25. Bc3 Bd5 26. Bc2 Rxe1+ 27.
Rxe1 Be6 28. f4 Nd4 29. Be4 b6 30. Kf2 Bb3 31. Bb1 Ne6 32. f5 Nc5 33. a5 Na4
34. axb6 Nxc3 35. bxc3 1/2-1/2

[Event "Clarin GP final"]
[Site "Villa Gesell"]
[Date "1998.03.07"]
[Round "1"]
[White "Slipak, Sergio"]
[Black "Rodriguez Vila, Andres"]
[Result "1/2-1/2"]
[WhiteElo "2510"]
[BlackElo "2475"]
[PlyCount "37"]
[EventDate "1998.03.07"]
[EventType "tourn"]
[EventRounds "11"]
[EventCountry "ARG"]
[EventCategory "10"]
[SourceTitle "CBM 064"]
[Source "ChessBase"]
[SourceDate "1998.06.02"]
[SourceVersion "1"]
[SourceVersionDate "1998.06.02"]
[SourceQuality "1"]

1. d4 e6 2. c4 Bb4+ 3. Bd2 Qe7 4. Nc3 Nf6 5. e3 c5 6. Nf3 cxd4 7. Nxd4 Nc6 8.
a3 Bd6 9. Be2 b6 10. Ncb5 Be5 11. Bf3 Bb7 12. O-O a6 13. Nxc6 dxc6 14. Nd4 Qc7
15. h3 O-O 16. Bc3 Rfd8 17. Qc2 Nd7 18. Be4 Nf6 19. Bf3 1/2-1/2

[Event "Clarin GP final"]
[Site "Villa Gesell"]
[Date "1998.03.09"]
[Round "3"]
[White "Rodriguez Vila, Andres"]
[Black "Soppe, Guillermo"]
[Result "1/2-1/2"]
[WhiteElo "2475"]
[BlackElo "2455"]
[PlyCount "37"]
[EventDate "1998.03.07"]
[EventType "tourn"]
[EventRounds "11"]
[EventCountry "ARG"]
[EventCategory "10"]
[SourceTitle "CBM 064"]
[Source "ChessBase"]
[SourceDate "1998.06.02"]
[SourceVersion "1"]
[SourceVersionDate "1998.06.02"]
[SourceQuality "1"]

1. e4 c6 2. d4 d5 3. e5 c5 4. c3 Nc6 5. Ne2 e6 6. f4 Nh6 7. g3 Nf5 8. Bh3 Qb6
9. g4 Nh4 10. Kf2 h5 11. g5 Nf5 12. Bxf5 exf5 13. Qb3 Be6 14. Be3 c4 15. Qc2 g6
16. Nd2 Be7 17. b3 cxb3 18. axb3 O-O 19. Rhb1 1/2-1/2

[Event "Clarin GP final"]
[Site "Villa Gesell"]
[Date "1998.03.12"]
[Round "6"]
[White "Garcia Palermo, Carlos H"]
[Black "Rodriguez Vila, Andres"]
[Result "1/2-1/2"]
[WhiteElo "2475"]
[BlackElo "2475"]
[PlyCount "88"]
[EventDate "1998.03.07"]
[EventType "tourn"]
[EventRounds "11"]
[EventCountry "ARG"]
[EventCategory "10"]
[SourceTitle "CBM 064"]
[Source "ChessBase"]
[SourceDate "1998.06.02"]
[SourceVersion "1"]
[SourceVersionDate "1998.06.02"]
[SourceQuality "1"]

1. Nf3 c5 2. g3 Nc6 3. c4 g6 4. Bg2 Bg7 5. Nc3 e5 6. d3 Nge7 7. Nd2 d6 8. Nf1
Be6 9. Ne3 O-O 10. O-O Qd7 11. a3 Bh3 12. Rb1 Bxg2 13. Kxg2 a6 14. Ned5 Nxd5
15. Nxd5 Ne7 16. Nxe7+ Qxe7 17. e4 f5 18. b4 f4 19. f3 Rf7 20. g4 Bf6 21. Kh1
Qd7 22. Qb3 Bd8 23. Bd2 b6 24. a4 Qc7 25. Be1 Rd7 26. Rg1 Ra7 27. Rg2 Rg7 28.
Ra2 h5 29. Rg2 Rb7 30. a5 bxa5 31. b5 axb5 32. cxb5+ Qf7 33. Qc4 Bb6 34. Ra1
Ra7 35. Ra4 Ra8 36. g5 Kh7 37. Rga2 Qg8 38. Kg2 Rd7 39. Kf1 Kg7 40. Ke2 Qf7 41.
h4 Kf8 42. Kd1 Ke7 43. Kc2 Qe6 44. Qd5 Qxd5 1/2-1/2